Finnkino and Forum Cinemas changed owner

Finnkino a Forum Cinemas zmenili majiteľa. Situácia v Európskej únii a Pobaltských krajinách. Predpoklady vývoja v budúcnosti.

Saved in:
Bibliographic Details
Main Author: Mišún, Juraj, 1978-
Other Authors: Hudáková, Ivana, 1976-
Format: Book Chapter
Language:English
Subjects:
Tags: Add Tag
No Tags, Be the first to tag this record!

MARC

LEADER 00000nla$a2200000$$$4500
001 0129979
005 20250707085243.9
041 0 |a eng 
044 |a US 
245 1 0 |a Finnkino and Forum Cinemas changed owner  |c Juraj Mišún, Ivana Hudáková 
520 |a Finnkino a Forum Cinemas zmenili majiteľa. Situácia v Európskej únii a Pobaltských krajinách. Predpoklady vývoja v budúcnosti. 
610 2 0 |a film 
610 2 0 |a priemysel umelecký 
610 2 0 |a Fínsko 
610 2 0 |a Švédsko 
100 1 |a Mišún, Juraj, 1978- 
700 1 |a Hudáková, Ivana, 1976-